| 000 | 00720cam a2200241 a 4500 | ||
|---|---|---|---|
| 001 | 3315281 | ||
| 005 | 20171222065717.0 | ||
| 008 | 841102s1985 moua b 001 0 eng c | ||
| 010 | _a 84025476 | ||
| 020 | _a0801608996 | ||
| 040 |
_aDNLM/DLC _cDLC _dDLC |
||
| 041 | _aeng | ||
| 060 | _aWW 415 B958b | ||
| 080 | _a617.762 NOO | ||
| 082 | 0 | 0 |
_a617.762 NOO _219 |
| 100 | 1 | _a8 | |
| 101 | _aOFT | ||
| 245 | 1 | 0 |
_aBurian-von Noorden's Binocular vision and ocular motility : _cGunter K. von Noorden. |
| 504 | _aIncludes bibliographies and index. | ||
| 740 | 0 | _aBinocular vision and ocular motility. | |
| 906 |
_a7 _bcbc _corignew _d1 _eocip _f19 _gy-gencatlg |
||
| 942 |
_2ddc _cBK |
||
| 999 |
_c39326 _d39326 |
||